000 00215nam a22000857a 4500
008 160712b xxu||||| |||| 00| 0 eng d
100 _92710
_aSingh L
245 _aPhysics-X
260 _aNew Delhi
_bS.Chand Publication
_c2012
999 _c2353
_d2353